[Event "4NCL/Div1/BAR1 vs. WGR2"]
[Site "Birmingham ENG"]
[Date "2006.01.15"]
[Round "6.2"]
[White "Levitt, Jonathan P"]
[Black "Parker, Jonathan"]
[Result "1/2-1/2"]
[WhiteElo "2448"]
[BlackElo "2504"]
[PlyCount "33"]
[EventDate "2006.01.15"]
[SourceDate "2005.10.25"]

1. d4 Nf6 2. c4 e6 3. Nc3 Bb4 4. e3 O-O 5. Bd3 d5 6. a3 Bxc3+ 7. bxc3 dxc4 8.
Bxc4 c5 9. Nf3 Qa5 10. Bd2 Ne4 11. Bd3 Nxd2 12. Qxd2 Nd7 13. O-O b6 14. Qc2 h6
15. Rfb1 Ba6 16. a4 cxd4 17. cxd4 1/2-1/2

[Event "4NCL/Div1/BAR1 vs. WGR2"]
[Site "Birmingham ENG"]
[Date "2006.01.15"]
[Round "6.3"]
[White "Collins, Sam"]
[Black "Lalic, Bogdan"]
[Result "1/2-1/2"]
[WhiteElo "2409"]
[BlackElo "2488"]
[PlyCount "31"]
[EventDate "2006.01.15"]
[SourceDate "2005.10.25"]

1. e4 e6 2. d4 d5 3. Nd2 c5 4. Ngf3 Nf6 5. e5 Nfd7 6. c3 Nc6 7. Bd3 Qb6 8. O-O
Be7 9. Qe2 cxd4 10. cxd4 Nxd4 11. Nxd4 Qxd4 12. Nf3 Qb6 13. Be3 Qd8 14. Qc2 b6
15. Rac1 Nc5 16. Nd4 1/2-1/2

[Event "4NCL/Div1/BAR1 vs. WGR2"]
[Site "Birmingham ENG"]
[Date "2006.01.15"]
[Round "6.4"]
[White "Rechel, Bernd"]
[Black "Ferguson, Mark"]
[Result "1/2-1/2"]
[WhiteElo "2416"]
[BlackElo "2388"]
[PlyCount "47"]
[EventDate "2006.01.15"]
[SourceDate "2005.10.25"]

1. e4 e5 2. f4 exf4 3. Bc4 Nf6 4. Nc3 Bb4 5. Nf3 O-O 6. O-O Nxe4 7. Nd5 c6 8.
Nxb4 Qb6+ 9. d4 Qxb4 10. Bd3 d5 11. c3 Qe7 12. Bxf4 Bf5 13. Qc2 Nd7 14. Rae1
Rfe8 15. Qb3 b5 16. Ng5 Bg6 17. a4 a6 18. Qc2 h6 19. Nf3 Qd8 20. Ra1 Qf6 21.
Be5 Qe7 22. Bf4 Qf6 23. Be5 Qe7 24. Bf4 1/2-1/2

[Event "4NCL/Div1/BAR1 vs. WGR2"]
[Site "Birmingham ENG"]
[Date "2006.01.15"]
[Round "6.5"]
[White "Palliser, Richard"]
[Black "Turner, Matthew J"]
[Result "1-0"]
[WhiteElo "2401"]
[BlackElo "2495"]
[PlyCount "93"]
[EventDate "2006.01.15"]
[SourceDate "2005.10.25"]

1. d4 Nf6 2. c4 e6 3. Nc3 Bb4 4. f3 d5 5. a3 Bxc3+ 6. bxc3 c5 7. cxd5 Nxd5 8.
dxc5 Qa5 9. e4 Ne7 10. Be3 Nd7 11. Qb3 O-O 12. Bb5 Qc7 13. Bxd7 Bxd7 14. Ne2 e5
15. Rb1 Rfb8 16. c4 Nc6 17. Nc3 Nd4 18. Bxd4 exd4 19. Nd5 Qxc5 20. Qb4 Qxb4+
21. Rxb4 a5 22. Rb6 f5 23. exf5 Bc6 24. Kd2 Rd8 25. Ne7+ Kf7 26. Nxc6 bxc6 27.
Rhb1 Rd6 28. c5 Rh6 29. h3 Rd8 30. Ra6 Rd7 31. Rbb6 Rh5 32. Rxc6 Rxf5 33. Rxa5
Rg5 34. g4 Re5 35. Ra4 Rde7 36. Rxd4 Re2+ 37. Kc3 Ra7 38. Rf4+ Ke7 39. a4 g5
40. Re4+ Rxe4 41. fxe4 Rxa4 42. Rc7+ Ke6 43. Rxh7 Rxe4 44. c6 Kd5 45. c7 Rc4+
46. Kb3 Rc1 47. Kb4 1-0

[Event "4NCL/Div1/BAR1 vs. WGR2"]
[Site "Birmingham ENG"]
[Date "2006.01.15"]
[Round "6.6"]
[White "Martin, Andrew D"]
[Black "Knott, Simon"]
[Result "0-1"]
[WhiteElo "2433"]
[BlackElo "2378"]
[PlyCount "64"]
[EventDate "2006.01.15"]
[SourceDate "2005.10.25"]

1. d4 Nf6 2. Nc3 d5 3. Bg5 e6 4. e4 Bb4 5. exd5 Qxd5 6. Bxf6 Bxc3+ 7. bxc3 gxf6
8. Nf3 b6 9. Be2 Bb7 10. O-O Rg8 11. c4 Qe4 12. d5 Nd7 13. Re1 O-O-O 14. Bf1
Qg4 15. Nd4 Ne5 16. Qxg4 Rxg4 17. c3 c5 18. dxc6 Nxc6 19. Nxc6 Bxc6 20. Rad1
Rxd1 21. Rxd1 Rg5 22. f4 Ra5 23. Rd2 Ra3 24. Bd3 f5 25. h3 Rxc3 26. g4 Be4 27.
Bf1 fxg4 28. hxg4 Rg3+ 29. Kf2 Rf3+ 30. Ke2 Rxf4 31. g5 Bb7 32. Ke3 Rxf1 0-1

[Event "4NCL/Div1/BAR1 vs. WGR2"]
[Site "Birmingham ENG"]
[Date "2006.01.15"]
[Round "6.7"]
[White "Devereaux, Maxim"]
[Black "Arakhamia-Grant, Ketevan"]
[Result "1-0"]
[WhiteElo "2367"]
[BlackElo "2426"]
[PlyCount "80"]
[EventDate "2006.01.15"]
[SourceDate "2005.10.25"]

1. d4 Nf6 2. Nf3 g6 3. c4 Bg7 4. Nc3 O-O 5. e4 d6 6. Be2 Na6 7. O-O e5 8. d5
Nh5 9. g3 f5 10. Ng5 Nf6 11. exf5 gxf5 12. f4 e4 13. Be3 Qe7 14. Rc1 c5 15.
dxc6 bxc6 16. Qa4 h6 17. Nh3 Rb8 18. Qa3 c5 19. Nf2 Nb4 20. Rfd1 Be6 21. Nb5
Rfd8 22. Rd2 a6 23. Nxd6 Rxd6 24. Bxc5 Rxd2 25. Bxe7 Nc6 26. b3 Nxe7 27. Kf1
Nc6 28. Qxa6 Nd4 29. Rd1 Rxd1+ 30. Nxd1 Re8 31. Ne3 Nd7 32. Bh5 Rb8 33. Bg6 Nf8
34. Qd6 Rc8 35. Bh5 Rc6 36. Qe7 Rc8 37. g4 Nc6 38. Qd6 fxg4 39. Nxg4 Nd4 40.
Ne3 Kh7 1-0

[Event "4NCL/Div1/BAR1 vs. WGR2"]
[Site "Birmingham ENG"]
[Date "2006.01.15"]
[Round "6.8"]
[White "Law, Andrew P"]
[Black "Lauterbach, Ingrid"]
[Result "1/2-1/2"]
[WhiteElo "2303"]
[BlackElo "2131"]
[PlyCount "33"]
[EventDate "2006.01.15"]
[SourceDate "2005.10.25"]

1. Nf3 d6 2. d4 Nf6 3. c4 Nbd7 4. Nc3 c6 5. e4 e5 6. Be2 Be7 7. O-O O-O 8. Re1
Qc7 9. Bf1 a6 10. a3 Re8 11. b4 b5 12. Bb2 bxc4 13. dxe5 Nxe5 14. Nxe5 dxe5 15.
Bxc4 a5 16. Qb3 Bf8 17. Rac1 1/2-1/2

[Event "4NCL/Div1/BET vs. GUI2"]
[Site "Birmingham ENG"]
[Date "2006.01.15"]
[Round "6.1"]
[White "Hunt, Adam C"]
[Black "Plaskett, James"]
[Result "1/2-1/2"]
[WhiteElo "2431"]
[BlackElo "2485"]
[PlyCount "63"]
[EventDate "2006.01.15"]
[SourceDate "2005.10.25"]

1. e4 c5 2. Nf3 e6 3. d4 cxd4 4. Nxd4 Nf6 5. Nc3 d6 6. g3 a6 7. Bg2 Qc7 8. O-O
Be7 9. Re1 O-O 10. f4 Nc6 11. Nxc6 bxc6 12. e5 dxe5 13. fxe5 Nd5 14. Na4 Rb8
15. a3 c5 16. c4 Nb6 17. Nxb6 Qxb6 18. Rb1 Rd8 19. Qe2 a5 20. Bd2 a4 21. Bc3
Bb7 22. Rf1 Rd7 23. h4 Rbd8 24. Bxb7 Qxb7 25. Rf3 g6 26. Rbf1 Bf8 27. Qc2 Qc6
28. Qf2 Bh6 29. Ba5 Ra8 30. Bc3 Rad8 31. Ba5 Ra8 32. Bc3 1/2-1/2

[Event "4NCL/Div1/BET vs. GUI2"]
[Site "Birmingham ENG"]
[Date "2006.01.15"]
[Round "6.2"]
[White "Wallace, John P"]
[Black "Ansell, Simon"]
[Result "1/2-1/2"]
[WhiteElo "2392"]
[BlackElo "2383"]
[PlyCount "136"]
[EventDate "2006.01.15"]
[SourceDate "2005.10.25"]

1. d4 d5 2. c4 c6 3. Nc3 Nf6 4. e3 e6 5. Nf3 Nbd7 6. Qc2 Bd6 7. g4 Bb4 8. Bd2
Qe7 9. Rg1 Bxc3 10. Bxc3 Ne4 11. O-O-O Nxc3 12. Qxc3 O-O 13. Kb1 Re8 14. Ne5
Qf6 15. Nf3 e5 16. cxd5 cxd5 17. dxe5 Nxe5 18. Nxe5 Qxe5 19. Qxe5 Rxe5 20. Bg2
Be6 21. Rd4 h5 22. h3 hxg4 23. hxg4 Rc8 24. Rc1 Rc6 25. Rb4 Rg5 26. Rxb7 Rxc1+
27. Kxc1 Rxg4 28. Bf3 Ra4 29. a3 d4 30. e4 f5 31. Kd2 fxe4 32. Bxe4 Kf8 33. Kd3
Ba2 34. Rb4 Rxb4 35. axb4 Ke7 36. Kxd4 Kd6 37. Bd3 Bd5 38. Bc2 Be6 39. Ke4 Bd7
40. Bb3 Bh3 41. Kf4 Bd7 42. Kg5 Ke7 43. Kg6 Kf8 44. Bc4 Bh3 45. Kg5 Ke7 46. Kg6
Kf8 47. Be2 Bd7 48. Bf1 Be6 49. Bd3 Bd7 50. Bb1 Be6 51. Be4 Bd7 52. f4 Be6 53.
Bc6 Bh3 54. f5 Bf1 55. f6 gxf6 56. Kxf6 Bc4 57. Bd7 Bb3 58. Be6 Bd1 59. Bf7 Be2
60. Bg6 Bc4 61. Bh5 Bb3 62. Bg6 Bc4 63. Bc2 Ke8 64. Ke5 Kd7 65. Kd4 Bf7 66. Kc5
Kc7 67. Kb5 Be6 68. Be4 Bg4 1/2-1/2

[Event "4NCL/Div1/BET vs. GUI2"]
[Site "Birmingham ENG"]
[Date "2006.01.15"]
[Round "6.3"]
[White "Ledger, Andrew J"]
[Black "Buckley, Graeme"]
[Result "1/2-1/2"]
[WhiteElo "2430"]
[BlackElo "2398"]
[PlyCount "106"]
[EventDate "2006.01.15"]
[SourceDate "2005.10.25"]

1. e4 d5 2. exd5 Nf6 3. Nf3 Nxd5 4. d4 Bf5 5. Be2 e6 6. O-O Be7 7. a3 O-O 8. c4
Nb6 9. Nc3 Nc6 10. Be3 Bf6 11. Rc1 Qd7 12. Qb3 Nxd4 13. Bxd4 Bxd4 14. Rfd1 c5
15. Nxd4 cxd4 16. c5 Nc8 17. f4 a6 18. Bf3 Ne7 19. Ne4 Bxe4 20. Bxe4 Rab8 21.
Qd3 f5 22. Bf3 Rfd8 23. Rc4 Qc7 24. g3 e5 25. fxe5 Ng6 26. Rxd4 Qxc5 27. Qc4+
Qxc4 28. Rxd8+ Rxd8 29. Rxd8+ Kf7 30. Bd5+ Ke7 31. Bxc4 Kxd8 32. Bd3 Nxe5 33.
Bxf5 h6 34. b3 Nf3+ 35. Kf2 Nd4 36. Be4 Kc7 37. Bd5 b5 38. a4 Kd6 39. Bf7 bxa4
40. bxa4 Ke5 41. Ke3 Nf5+ 42. Kd3 Nd6 43. Bg6 Kd5 44. Ke3 Nc4+ 45. Kf4 Nd6 46.
g4 a5 47. g5 hxg5+ 48. Kxg5 Ke6 49. Bc2 Ke7 50. Kg6 Kf8 51. Bb3 Ne4 52. Kf5 Nc5
53. Bc2 g5 1/2-1/2

[Event "4NCL/Div1/BET vs. GUI2"]
[Site "Birmingham ENG"]
[Date "2006.01.15"]
[Round "6.4"]
[White "Shaw, John K"]
[Black "Duncan, Christopher R"]
[Result "1-0"]
[WhiteElo "2432"]
[BlackElo "2332"]
[PlyCount "107"]
[EventDate "2006.01.15"]
[SourceDate "2005.10.25"]

1. e4 c5 2. b3 d6 3. Bb2 e5 4. Bc4 Nc6 5. Ne2 Nf6 6. d3 Be7 7. O-O O-O 8. Nbc3
a6 9. a4 Nd4 10. f4 Rb8 11. a5 Be6 12. Qd2 Nc6 13. Nd5 Bxd5 14. exd5 Nd4 15.
Ng3 exf4 16. Rxf4 Nd7 17. Qf2 Bg5 18. Re4 Ne5 19. c3 Nb5 20. d4 Nd7 21. Re2 Bh4
22. Qf3 Bxg3 23. Qxg3 Re8 24. Rxe8+ Qxe8 25. Re1 Qf8 26. dxc5 Nxc5 27. b4 Nd7
28. Bd3 Ne5 29. c4 Nxd3 30. Qxd3 Nc7 31. Re3 Re8 32. Rg3 f6 33. Bd4 Re1+ 34.
Kf2 Re7 35. Qf5 Ne8 36. Rh3 g6 37. Qf4 Qf7 38. Rf3 f5 39. h3 Re4 40. Qxe4 fxe4
41. Rxf7 Kxf7 42. Ke3 Ke7 43. Kxe4 Nc7 44. g4 Ne8 45. Kf4 h6 46. Kf3 Kf7 47.
Ke4 Ke7 48. h4 Kf7 49. h5 Nc7 50. Bb2 Ne8 51. c5 gxh5 52. gxh5 Ke7 53. Kf5 Nc7
54. cxd6+ 1-0

[Event "4NCL/Div1/BET vs. GUI2"]
[Site "Birmingham ENG"]
[Date "2006.01.15"]
[Round "6.5"]
[White "Ledger, David J"]
[Black "Muir, Andrew J"]
[Result "1-0"]
[WhiteElo "2247"]
[BlackElo "2325"]
[PlyCount "73"]
[EventDate "2006.01.15"]
[SourceDate "2005.10.25"]

1. e4 c5 2. Nc3 Nc6 3. g3 e6 4. Bg2 Nf6 5. d3 d5 6. exd5 Nxd5 7. Nxd5 exd5 8.
Ne2 Bg4 9. h3 Be6 10. Nf4 Qd7 11. O-O O-O-O 12. Re1 Bd6 13. Nxe6 fxe6 14. c3 h6
15. a3 Ne5 16. Bf4 Nc6 17. Bxd6 Qxd6 18. b4 Rhf8 19. Qg4 Rf6 20. Ra2 cxb4 21.
axb4 g5 22. b5 Nb8 23. c4 Nd7 24. Rxa7 Qb6 25. Ra2 Rdf8 26. Ree2 dxc4 27. Qxc4+
Kb8 28. Qa4 Nc5 29. Qa3 Rd8 30. Rec2 Rf5 31. Rc3 Re5 32. Rac2 Nd7 33. Qe7 Nf8
34. Rc7 Rxb5 35. Qxd8+ Ka7 36. Ra2+ Ra5 37. Rxa5+ 1-0

[Event "4NCL/Div1/BET vs. GUI2"]
[Site "Birmingham ENG"]
[Date "2006.01.15"]
[Round "6.6"]
[White "Povah, Nigel E"]
[Black "Naylor, John"]
[Result "1-0"]
[WhiteElo "2353"]
[BlackElo "2235"]
[PlyCount "51"]
[EventDate "2006.01.15"]
[SourceDate "2005.10.25"]

1. d4 e6 2. Nf3 f5 3. e4 fxe4 4. Ng5 Nf6 5. f3 e3 6. Bd3 Be7 7. c3 c5 8. Qc2 d6
9. dxc5 dxc5 10. Bxh7 Nxh7 11. Qg6+ Kd7 12. Nxh7 Qe8 13. Qxg7 Kc6 14. Nf6 Qd8
15. Ng4 Nd7 16. Bxe3 b6 17. Na3 Ba6 18. O-O-O Qf8 19. Qxf8 Raxf8 20. Rhe1 e5
21. Rxd7 Kxd7 22. Nxe5+ Ke8 23. Ng6 Rxh2 24. Bg5 Kf7 25. Ne5+ Ke8 26. Bxe7 1-0

[Event "4NCL/Div1/BET vs. GUI2"]
[Site "Birmingham ENG"]
[Date "2006.01.15"]
[Round "6.7"]
[White "Ledger, Stephen C"]
[Black "Lalic, Susan"]
[Result "1/2-1/2"]
[WhiteElo "2175"]
[BlackElo "2356"]
[PlyCount "64"]
[EventDate "2006.01.15"]
[SourceDate "2005.10.25"]

1. d4 c5 2. c3 e6 3. Nf3 Nf6 4. Bf4 Nc6 5. e3 d5 6. Nbd2 Bd6 7. Bg3 Bxg3 8.
hxg3 Qd6 9. Bd3 e5 10. dxe5 Nxe5 11. Nxe5 Qxe5 12. Bb5+ Ke7 13. Nf3 Qd6 14. Qc2
h6 15. Rd1 Rd8 16. Bd3 Kf8 17. O-O Bg4 18. Bf5 Bxf5 19. Qxf5 Qe6 20. Qxe6 fxe6
21. Ne5 Nd7 22. Nxd7+ Rxd7 23. Rd2 Rad8 24. Rfd1 Ke7 25. f4 h5 26. Kf2 b5 27.
g4 hxg4 28. Kg3 a5 29. a3 Rb7 30. Kxg4 Rf8 31. e4 dxe4 32. Re1 b4 1/2-1/2

[Event "4NCL/Div1/BET vs. GUI2"]
[Site "Birmingham ENG"]
[Date "2006.01.15"]
[Round "6.8"]
[White "Jackson, Adrian"]
[Black "Lyell, Meri"]
[Result "1-0"]
[WhiteElo "2226"]
[BlackElo "2077"]
[PlyCount "87"]
[EventDate "2006.01.15"]
[SourceDate "2005.10.25"]

1. e4 e5 2. f4 d5 3. exd5 e4 4. d3 Qxd5 5. Nc3 Bb4 6. Bd2 Bxc3 7. Bxc3 Nf6 8.
dxe4 Qxe4+ 9. Qe2 Bf5 10. Bxf6 gxf6 11. O-O-O Qxe2 12. Nxe2 h5 13. Ng3 Bd7 14.
Bc4 b5 15. Bd5 c6 16. Rhe1+ Kf8 17. Be4 h4 18. Nf5 Rh5 19. Nd6 Bg4 20. Rd2 f5
21. Bd3 Na6 22. h3 Rh6 23. Bf1 Rd8 24. Nxf5 Bxf5 25. Rxd8+ Kg7 26. Bd3 Bxd3 27.
Rxd3 Rf6 28. g3 Nc5 29. Rf3 Kh6 30. g4 Kg6 31. Re5 Nd7 32. Rg5+ Kh6 33. Rh5+
Kg7 34. Rd3 Nb6 35. f5 Nd5 36. Rxh4 a5 37. Rf3 Ne7 38. g5 Rxf5 39. Rxf5 Nxf5
40. Rf4 Nd6 41. Rf6 Ne4 42. Rxc6 Nxg5 43. Rc5 Nxh3 44. Rxb5 1-0

[Event "4NCL/Div1/GUI1 vs. BAR2"]
[Site "Birmingham ENG"]
[Date "2006.04.29"]
[Round "9.1"]
[White "Sutovsky, Emil"]
[Black "Berry, Neil"]
[Result "1/2-1/2"]
[WhiteElo "2628"]
[BlackElo "2285"]
[PlyCount "84"]
[EventDate "2006.04.29"]
[EventType "team"]
[EventRounds "11"]
[EventCountry "ENG"]
[WhiteTeam "Guildford-ADC 1"]
[BlackTeam "Barbican 4NCL 2"]

1. e4 e6 2. d4 d5 3. Nc3 Bb4 4. e5 c5 5. a3 Ba5 6. b4 cxd4 7. Qg4 Ne7 8. bxa5
dxc3 9. Qxg7 Rg8 10. Qxh7 Nbc6 11. Nf3 Qc7 12. Bf4 Bd7 13. a6 b6 14. Bg3 O-O-O
15. Bd3 Rh8 16. Qxf7 Rdf8 17. Qg7 Rhg8 18. Qh6 Rxf3 19. gxf3 Nd4 20. Qf4 Nef5
21. Rd1 Qc5 22. Bxf5 Nxf5 23. O-O d4 24. Rd3 Bb5 25. Rfd1 Rd8 26. Qg5 Bxd3 27.
Rxd3 Qxa3 28. Qg6 Qe7 29. h4 Rh8 30. Rxd4 Nxd4 31. Qe4 Rd8 32. Qa8+ Kd7 33.
Qxa7+ Ke8 34. Qxb6 Nxf3+ 35. Kg2 Nxh4+ 36. Bxh4 Qxh4 37. Qxe6+ Qe7 38. Qg8+ Kd7
39. Qd5+ Ke8 40. Qg8+ Kd7 41. Qd5+ Ke8 42. Qg8+ Kd7 1/2-1/2

[Event "4NCL/Div1/GUI1 vs. BAR2"]
[Site "Birmingham ENG"]
[Date "2006.04.29"]
[Round "9.2"]
[White "Rogers, Jonathan W"]
[Black "Harikrishna, Pentala"]
[Result "0-1"]
[WhiteElo "2340"]
[BlackElo "2680"]
[PlyCount "46"]
[EventDate "2006.04.29"]
[EventType "team"]
[EventRounds "11"]
[EventCountry "ENG"]
[WhiteTeam "Barbican 4NCL 2"]
[BlackTeam "Guildford-ADC 1"]

1. d4 Nf6 2. c4 e6 3. Nf3 b6 4. g3 Ba6 5. b3 Bb4+ 6. Bd2 Be7 7. Bg2 c6 8. O-O
d5 9. Ne5 Nfd7 10. Nxd7 Nxd7 11. Bc3 dxc4 12. bxc4 Bxc4 13. Nd2 Bb5 14. d5 cxd5
15. Qb1 Bxe2 16. Re1 Bh5 17. Bxg7 Bg6 18. Qb3 Rg8 19. Bh6 Nc5 20. Qf3 Bg5 21.
Bxg5 Qxg5 22. Qxd5 Qxd5 23. Bxd5 O-O-O 0-1

[Event "4NCL/Div1/GUI1 vs. BAR2"]
[Site "Birmingham ENG"]
[Date "2006.04.29"]
[Round "9.3"]
[White "Krasenkow, Michal"]
[Black "Coleman, David"]
[Result "1-0"]
[WhiteElo "2650"]
[BlackElo "2245"]
[PlyCount "75"]
[EventDate "2006.04.29"]
[EventType "team"]
[EventRounds "11"]
[EventCountry "ENG"]
[WhiteTeam "Guildford-ADC 1"]
[BlackTeam "Barbican 4NCL 2"]

1. Nf3 Nf6 2. d4 e6 3. c4 Nc6 4. a3 d6 5. b4 g6 6. Bb2 Bg7 7. b5 Ne7 8. Nbd2
O-O 9. Qb3 Nd7 10. e3 b6 11. Be2 Bb7 12. O-O Nf5 13. a4 Qe7 14. a5 e5 15. a6
Bxf3 16. Bxf3 Rad8 17. Rae1 Rfe8 18. Qd1 Qf8 19. Nb3 exd4 20. exd4 Rxe1 21.
Rxe1 Re8 22. Bg4 Nc5 23. dxc5 Bxb2 24. Bxf5 gxf5 25. cxb6 cxb6 26. g3 Bc3 27.
Re2 Rxe2 28. Qxe2 Qc8 29. Qd3 Be5 30. Qd5 Bc3 31. Qd3 Be5 32. Nd2 Qe6 33. Nf1
f4 34. Qe4 fxg3 35. hxg3 Kg7 36. Ne3 h5 37. Nd5 Kh6 38. Nxb6 1-0

[Event "4NCL/Div1/GUI1 vs. BAR2"]
[Site "Birmingham ENG"]
[Date "2006.04.29"]
[Round "9.4"]
[White "Taylor, Martin R"]
[Black "Rowson, Jonathan"]
[Result "0-1"]
[WhiteElo "2305"]
[BlackElo "2594"]
[PlyCount "142"]
[EventDate "2006.04.29"]
[EventType "team"]
[EventRounds "11"]
[EventCountry "ENG"]
[WhiteTeam "Barbican 4NCL 2"]
[BlackTeam "Guildford-ADC 1"]

1. d4 Nf6 2. Bg5 e6 3. Nf3 h6 4. Bh4 d6 5. Nbd2 g5 6. Bg3 Nh5 7. e4 Bg7 8. c3
Nd7 9. Bd3 Qe7 10. O-O Nxg3 11. fxg3 c5 12. Nb3 a6 13. a4 b6 14. Nfd2 Bb7 15.
Rf2 O-O 16. Qe2 cxd4 17. cxd4 d5 18. exd5 Bxd5 19. Bxa6 Qb4 20. Qb5 Qd6 21. Qe2
Nb8 22. Bb5 Nc6 23. Qe3 Rac8 24. Raf1 Ne7 25. Bd3 Qb4 26. Be4 Qxa4 27. h4 Bxe4
28. Qxe4 Qb5 29. hxg5 Qxg5 30. g4 Nd5 31. Nf3 Qe3 32. Nbd2 Qxe4 33. Nxe4 Ne3
34. Re1 Nxg4 35. Rd2 Rfd8 36. Nc3 Rc4 37. d5 Bxc3 38. bxc3 Rxd5 39. Rxd5 exd5
40. Ne5 Nxe5 41. Rxe5 Rxc3 42. Rxd5 Rc8 43. Rd6 Rb8 44. Rxh6 b5 45. Rh3 b4 46.
Rb3 Kg7 47. Kf2 Kf6 48. Ke3 Ke5 49. Kd3 Kf4 50. Kc2 f5 51. Rf3+ Kg4 52. Rb3 f4
53. Kd2 Rd8+ 54. Ke1 Rd4 55. Ke2 Rc4 56. Kd1 Re4 57. Kd2 Kh4 58. Rh3+ Kg5 59.
Rd3 Kg4 60. Rb3 Rc4 61. Kd1 Rc3 62. Rxb4 Kg3 63. Ke1 Rc1+ 64. Ke2 Rc2+ 65. Kf1
Rf2+ 66. Ke1 Rxg2 67. Rb8 Rg1+ 68. Kd2 f3 69. Rg8+ Kf2 70. Rf8 Rg7 71. Rd8 Re7
0-1

[Event "4NCL/Div1/GUI1 vs. BAR2"]
[Site "Birmingham ENG"]
[Date "2006.04.29"]
[Round "9.5"]
[White "Hebden, Mark L"]
[Black "Pritchett, Craig W"]
[Result "1-0"]
[WhiteElo "2523"]
[BlackElo "2285"]
[PlyCount "133"]
[EventDate "2006.04.29"]
[EventType "team"]
[EventRounds "11"]
[EventCountry "ENG"]
[WhiteTeam "Guildford-ADC 1"]
[BlackTeam "Barbican 4NCL 2"]

1. d4 Nf6 2. Nf3 e6 3. c3 b6 4. Bg5 Bb7 5. Nbd2 h6 6. Bxf6 Qxf6 7. e4 g5 8. Bd3
Bg7 9. O-O d6 10. Qa4+ Nd7 11. Ba6 Bxa6 12. Qxa6 O-O 13. Qb7 Qd8 14. a4 a5 15.
Qc6 Nf6 16. d5 Qd7 17. Nd4 Qxc6 18. Nxc6 exd5 19. Ne7+ Kh7 20. Nxd5 Nxd5 21.
exd5 Rae8 22. Rfe1 f5 23. Nc4 Kg6 24. Na3 Re5 25. Rad1 Rfe8 26. Kf1 R8e7 27.
Nb5 Bf6 28. f3 g4 29. f4 Re4 30. g3 h5 31. Rxe4 fxe4 32. Ke2 h4 33. Rg1 Kf5 34.
Na3 hxg3 35. hxg3 Rh7 36. Rg2 Rh1 37. Nc4 Rb1 38. Kd2 Kg6 39. Re2 Rg1 40. Re3
Kf5 41. Na3 Rg2+ 42. Kc1 Rg1+ 43. Kc2 Rg2+ 44. Kb3 Rd2 45. Nc4 Rxd5 46. Re2 Rd3
47. Ne3+ Kg6 48. Nxg4 Rxg3 49. Nxf6 Kxf6 50. Rxe4 Rg8 51. Rd4 Ke6 52. Kc4 Rf8
53. Re4+ Kd7 54. Kd4 c5+ 55. Ke3 d5 56. Re5 Re8 57. Rxe8 Kxe8 58. f5 Ke7 59.
Kf4 Kd6 60. b3 b5 61. axb5 c4 62. bxc4 a4 63. c5+ Kd7 64. c6+ Kd6 65. f6 a3 66.
f7 Ke7 67. c7 1-0

[Event "4NCL/Div1/GUI1 vs. BAR2"]
[Site "Birmingham ENG"]
[Date "2006.04.29"]
[Round "9.6"]
[White "Taylor, Peter"]
[Black "King, Daniel J"]
[Result "0-1"]
[WhiteElo "2240"]
[BlackElo "2522"]
[PlyCount "82"]
[EventDate "2006.04.29"]
[EventType "team"]
[EventRounds "11"]
[EventCountry "ENG"]
[WhiteTeam "Barbican 4NCL 2"]
[BlackTeam "Guildford-ADC 1"]

1. Nf3 b6 2. g3 Bb7 3. Bg2 g6 4. O-O Bg7 5. d4 Nf6 6. c4 e6 7. Nc3 Ne4 8. Bd2
O-O 9. Rc1 Nxd2 10. Qxd2 d6 11. e4 Nd7 12. Rfe1 Qe7 13. Rcd1 Rfd8 14. Qe2 c5
15. e5 dxe5 16. Nxe5 cxd4 17. Bxb7 Nxe5 18. Bxa8 dxc3 19. Rxd8+ Qxd8 20. Be4
cxb2 21. Kg2 Qd4 22. Rd1 Qxc4 23. Rd8+ Bf8 24. Qxc4 Nxc4 25. Rd4 f5 26. Bb1 Na3
27. Rd1 Kf7 28. f4 Ke7 29. Bd3 b5 30. Kf3 Bg7 31. Ke2 a5 32. Ke3 a4 33. Ke2 Bd4
34. Kf3 Kd6 35. Ke2 Kc5 36. Kd2 e5 37. fxe5 Bxe5 38. Rf1 Bg7 39. Rd1 Kb4 40.
Rf1 Bh6+ 41. Ke2 Nc4 0-1

[Event "4NCL/Div1/GUI1 vs. BAR2"]
[Site "Birmingham ENG"]
[Date "2006.04.29"]
[Round "9.7"]
[White "Kosten, Anthony C"]
[Black "Hodgson, John H"]
[Result "1-0"]
[WhiteElo "2504"]
[BlackElo "2217"]
[PlyCount "58"]
[EventDate "2006.04.29"]
[EventType "team"]
[EventRounds "11"]
[EventCountry "ENG"]
[WhiteTeam "Guildford-ADC 1"]
[BlackTeam "Barbican 4NCL 2"]

1. c4 Nf6 2. Nc3 d5 3. cxd5 Nxd5 4. g3 c5 5. Bg2 Nc7 6. Qa4+ Qd7 7. Nf3 Qxa4 8.
Nxa4 Nba6 9. O-O g6 10. d4 cxd4 11. Nxd4 Bg7 12. Be3 O-O 13. Rac1 Bd7 14. Nc3
Rab8 15. Rfd1 Rfd8 16. a3 Nc5 17. Nc6 Bxc6 18. Bxc5 Bxc3 19. bxc3 Nb5 20. Rxd8+
Rxd8 21. Bxc6 bxc6 22. Bxe7 Re8 23. Bc5 Re5 24. Be3 Nxa3 25. Rd1 Nc2 26. Bh6 f5
27. Rd2 Na3 28. Rd7 Rxe2 29. Rg7+ Kh8 1-0

[Event "4NCL/Div1/BET vs. WGR1"]
[Site "Birmingham ENG"]
[Date "2006.04.29"]
[Round "9.2"]
[White "McShane, Luke"]
[Black "Ledger, Andrew J"]
[Result "1-0"]
[WhiteElo "2605"]
[BlackElo "2430"]
[PlyCount "107"]
[EventDate "2006.04.29"]
[EventType "team"]
[EventRounds "11"]
[EventCountry "ENG"]
[WhiteTeam "Wood Green 1"]
[BlackTeam "Betsson.com"]

1. e4 c6 2. d4 d5 3. e5 Bf5 4. Be3 e6 5. Nd2 Nd7 6. Be2 c5 7. Ngf3 Ne7 8. c4
cxd4 9. Bxd4 Nc6 10. cxd5 exd5 11. O-O Be7 12. Qb3 Nb6 13. e6 fxe6 14. Bxg7 Rg8
15. Be5 Bd6 16. Bg3 Bxg3 17. hxg3 Qd6 18. Bb5 O-O-O 19. Rac1 Kb8 20. Bxc6 bxc6
21. Qc3 Rc8 22. Nb3 Nd7 23. Nbd4 c5 24. Nxf5 exf5 25. Qd3 Rcf8 26. Rfd1 Nb6 27.
a4 c4 28. Qe2 Nxa4 29. Rxc4 Nb6 30. Rh4 Rg7 31. Nd4 Rb7 32. b3 Ka8 33. Qf3 Rbf7
34. Rf4 Qd7 35. Re1 Nc8 36. Qh5 Rf6 37. Re5 Ne7 38. Rf3 Qc7 39. Rfe3 Ng6 40.
Rxf5 Rxf5 41. Nxf5 Qc2 42. Nd6 Qc6 43. Re6 Rd8 44. Ne8 Qc1+ 45. Kh2 Qc8 46. Qe2
Qb7 47. Nd6 Qb4 48. Nb5 Qf8 49. Nc7+ Kb8 50. Qb5+ Kc8 51. Qa6+ Kb8 52. Qc6 a5
53. Na6+ Ka7 54. Qb6+ 1-0

[Event "4NCL/Div1/BET vs. WGR1"]
[Site "Birmingham ENG"]
[Date "2006.04.29"]
[Round "9.4"]
[White "Gormally, Daniel W"]
[Black "Duncan, Christopher R"]
[Result "1-0"]
[WhiteElo "2554"]
[BlackElo "2332"]
[PlyCount "95"]
[EventDate "2006.04.29"]
[EventType "team"]
[EventRounds "11"]
[EventCountry "ENG"]
[WhiteTeam "Wood Green 1"]
[BlackTeam "Betsson.com"]

1. d4 d5 2. Nf3 Nf6 3. c4 c6 4. Qc2 g6 5. e3 Bf5 6. Qb3 Qb6 7. Nc3 Bg7 8. cxd5
cxd5 9. Nxd5 Nxd5 10. Qxd5 Nc6 11. Bd2 Qxb2 12. Rc1 O-O 13. Qb3 Qxb3 14. axb3
a5 15. Bb5 Be4 16. O-O Rfc8 17. Rc5 b6 18. Rc3 Na7 19. Bc4 e6 20. Ng5 Bb7 21.
Nxe6 Rxc4 22. bxc4 fxe6 23. Rb1 Nc8 24. c5 b5 25. Ra3 Bc6 26. Rxa5 Rxa5 27.
Bxa5 Kf7 28. f3 Ne7 29. Bc3 e5 30. dxe5 Ke6 31. e4 Bxe5 32. Bxe5 Kxe5 33. Rd1
g5 34. Kf2 Ke6 35. Ke3 Be8 36. Rd6+ Kf7 37. Rb6 Nc8 38. Rb8 Ne7 39. g3 Bd7 40.
f4 gxf4+ 41. gxf4 Bc6 42. f5 Be8 43. Kf4 Bd7 44. Rd8 Be8 45. e5 Nc6 46. Rc8 Ne7
47. e6+ Kf8 48. Ra8 1-0